[Event "GBR-ch71"]
[Site "Brighton"]
[Date "1984.07.30"]
[Round "1"]
[White "Thipsay, Praveen Mahadeo"]
[Black "Hasan, Younus"]
[Result "1-0"]
[WhiteElo "2445"]
[BlackElo "2290"]
[PlyCount "47"]
[EventDate "1984.07.30"]
[EventType "swiss"]
[EventRounds "11"]
[EventCountry "GBR"]
[SourceTitle "BritBase"]
[Source "John Saunders"]
[SourceDate "2020.09.07"]
[SourceVersion "1"]
[SourceVersionDate "2020.09.07"]
[SourceQuality "2"]

1. e4 c5 2. Nf3 e6 3. d4 cxd4 4. Nxd4 a6 5. Nc3 Qc7 6. Be2 Nc6 7. O-O Nf6 8.
Be3 Be7 9. f4 d6 10. Qe1 O-O 11. Qg3 Kh8 12. Rae1 Bd7 13. a3 b5 14. Bd3 Rab8
15. e5 Nh5 16. Qh3 g6 17. Nxc6 Bxc6 18. Bd4 Kg8 19. Re3 Rfd8 20. f5 exf5 21.
Rxf5 Bd7 22. e6 fxe6 23. Rxh5 e5 24. Qg3 1-0

[Event "GBR-ch71"]
[Site "Brighton"]
[Date "1984.07.30"]
[Round "1"]
[White "Vaidya, Arun B"]
[Black "Freeman, Richard CP"]
[Result "1/2-1/2"]
[WhiteElo "2370"]
[BlackElo "2095"]
[PlyCount "30"]
[EventDate "1984.07.30"]
[EventType "swiss"]
[EventRounds "11"]
[EventCountry "GBR"]
[SourceTitle "BritBase"]
[Source "John Saunders"]
[SourceDate "2020.09.07"]
[SourceVersion "1"]
[SourceVersionDate "2020.09.07"]
[SourceQuality "2"]

1. d4 Nf6 2. c4 c5 3. Nf3 cxd4 4. Nxd4 Nc6 5. Nc3 e6 6. Nc2 Bc5 7. Be3 Qe7 8.
Bxc5 Qxc5 9. e3 O-O 10. Be2 b6 11. O-O Bb7 12. Na3 Rfd8 13. Bf3 d5 14. cxd5 Ne5
15. e4 exd5 1/2-1/2

[Event "GBR-ch71"]
[Site "Brighton"]
[Date "1984.07.30"]
[Round "1"]
[White "Watson, William N"]
[Black "Dawson, Craig R"]
[Result "1-0"]
[WhiteElo "2450"]
[BlackElo "2300"]
[PlyCount "47"]
[EventDate "1984.07.30"]
[EventType "swiss"]
[EventRounds "11"]
[EventCountry "GBR"]
[SourceTitle "BritBase"]
[Source "John Saunders"]
[SourceDate "2020.09.07"]
[SourceVersion "1"]
[SourceVersionDate "2020.09.07"]
[SourceQuality "2"]

1. e4 e5 2. Nc3 Nf6 3. g3 d5 4. exd5 Nxd5 5. Bg2 Nxc3 6. bxc3 Bd6 7. Nf3 O-O 8.
O-O Nc6 9. Rb1 Rb8 10. d4 Re8 11. Ng5 Bf5 12. Bd5 Bg6 13. h4 Be7 14. Rb5 exd4
15. h5 Bxg5 16. hxg6 hxg6 17. Bxc6 Bxc1 18. Rd5 bxc6 19. Rxd8 Rexd8 20. Qxc1
dxc3 21. Qe3 Rb2 22. Qxc3 Rxa2 23. Qxc6 Rd2 24. Kg2 1-0

[Event "GBR-ch71"]
[Site "Brighton"]
[Date "1984.07.30"]
[Round "1"]
[White "Watts, David"]
[Black "Hartston, William Roland"]
[Result "1/2-1/2"]
[WhiteElo "2240"]
[BlackElo "2440"]
[PlyCount "57"]
[EventDate "1984.07.30"]
[EventType "swiss"]
[EventRounds "11"]
[EventCountry "GBR"]
[SourceTitle "BritBase"]
[Source "John Saunders"]
[SourceDate "2020.09.07"]
[SourceVersion "1"]
[SourceVersionDate "2020.09.07"]
[SourceQuality "2"]

1. e4 e5 2. Nf3 Nc6 3. Bb5 Nf6 4. O-O d6 5. d4 Bd7 6. Re1 Be7 7. Nc3 exd4 8.
Nxd4 O-O 9. Bxc6 bxc6 10. Qf3 c5 11. Nf5 Bxf5 12. Qxf5 Nd7 13. Nd5 Re8 14. b3
Bf6 15. Nxf6+ Qxf6 16. Qxf6 Nxf6 17. f3 a5 18. a4 Nd7 19. Bd2 Ne5 20. Bc3 Nc6
21. Rad1 f6 22. f4 Rad8 23. Rd5 Kf7 24. Kf2 Ke6 25. g4 h6 26. h4 Rb8 27. Rd3
Nb4 28. Bxb4 Rxb4 29. c4 1/2-1/2

[Event "GBR-ch71"]
[Site "Brighton"]
[Date "1984.07.31"]
[Round "2"]
[White "Basman, Michael John"]
[Black "Hebden, Mark L"]
[Result "0-1"]
[WhiteElo "2390"]
[BlackElo "2480"]
[PlyCount "82"]
[EventDate "1984.07.30"]
[EventType "swiss"]
[EventRounds "11"]
[EventCountry "GBR"]
[SourceTitle "BritBase"]
[Source "John Saunders"]
[SourceDate "2020.09.07"]
[SourceVersion "1"]
[SourceVersionDate "2020.09.07"]
[SourceQuality "2"]

1. e4 e5 2. Nf3 Nc6 3. Be2 Nf6 4. d4 exd4 5. e5 Ne4 6. O-O d5 7. Bf4 g5 8. Bc1
Bc5 9. Nbd2 Nxd2 10. Bxd2 g4 11. Bg5 Be7 12. Bxe7 Qxe7 13. Nxd4 Nxe5 14. f4
gxf3 15. Nxf3 Nxf3+ 16. Bxf3 Qc5+ 17. Kh1 Be6 18. Bg4 h5 19. Bxe6 fxe6 20. Qe2
Rh6 21. b4 Qb6 22. c4 O-O-O 23. c5 Qc6 24. b5 Qxc5 25. Rac1 Qe7 26. Qe3 Rf6 27.
Qxa7 Rdf8 28. Rg1 Qd6 29. b6 c6 30. Qa8+ Qb8 31. Qa3 Kd7 32. Qc3 h4 33. a4 Qf4
34. a5 h3 35. a6 hxg2+ 36. Rxg2 Qe4 37. Kg1 Rg6 38. Rg3 Rf3 39. Qe1 Qxe1+ 40.
Rxe1 Rgxg3+ 41. hxg3 bxa6 0-1

[Event "GBR-ch71"]
[Site "Brighton"]
[Date "1984.07.31"]
[Round "2"]
[White "Bellin, Robert"]
[Black "Clarke, Thomas M"]
[Result "1/2-1/2"]
[WhiteElo "2370"]
[BlackElo "2080"]
[PlyCount "66"]
[EventDate "1984.07.30"]
[EventType "swiss"]
[EventRounds "11"]
[EventCountry "GBR"]
[SourceTitle "BritBase"]
[Source "John Saunders"]
[SourceDate "2020.09.07"]
[SourceVersion "1"]
[SourceVersionDate "2020.09.07"]
[SourceQuality "2"]

1. d4 f5 2. Nc3 Nf6 3. Bg5 d5 4. Bxf6 exf6 5. e3 Be6 6. Bd3 c6 7. Qf3 g6 8.
Nge2 Bb4 9. h3 Nd7 10. g4 fxg4 11. hxg4 Nf8 12. O-O-O Qe7 13. e4 O-O-O 14. exd5
Bxd5 15. Nxd5 cxd5 16. Nf4 Qf7 17. c3 Bd6 18. Rde1 Bxf4+ 19. Qxf4 Ne6 20. Qg3
Ng5 21. Re3 Rhe8 22. Rhe1 Ne4 23. Bxe4 Rxe4 24. Rxe4 dxe4 25. Rxe4 Qxa2 26. Re7
Qc4 27. Qf3 Qa6 28. Rxh7 Re8 29. Kd2 Qb5 30. b4 Qa6 31. Rh1 Qa2+ 32. Kd3 Qa6+
33. Kd2 Qa2+ 1/2-1/2

[Event "GBR-ch71"]
[Site "Brighton"]
[Date "1984.07.31"]
[Round "2"]
[White "Botterill, George Steven"]
[Black "Hawthorne, John P"]
[Result "1-0"]
[WhiteElo "2430"]
[BlackElo "2150"]
[PlyCount "77"]
[EventDate "1984.07.30"]
[EventType "swiss"]
[EventRounds "11"]
[EventCountry "GBR"]
[SourceTitle "BritBase"]
[Source "John Saunders"]
[SourceDate "2020.09.07"]
[SourceVersion "1"]
[SourceVersionDate "2020.09.07"]
[SourceQuality "2"]

1. d4 Nf6 2. c4 e6 3. Nc3 Bb4 4. Qc2 c5 5. dxc5 O-O 6. a3 Bxc5 7. Nf3 Nc6 8.
Bf4 d5 9. e3 Re8 10. Bg5 d4 11. O-O-O e5 12. Nd5 Be6 13. Nxf6+ gxf6 14. Bh4 b5
15. Qe4 Rc8 16. Bd3 f5 17. Qxc6 Qa5 18. Qxb5 Qxb5 19. cxb5 e4 20. exd4 Bxa3+
21. Bc2 Bb3 22. Ne1 Bd6 23. Kb1 Bd5 24. f3 Rb8 25. fxe4 fxe4 26. Bg3 Bxg3 27.
hxg3 Re6 28. Rh5 Rxb5 29. Rxd5 Rxd5 30. Bb3 Rg5 31. Bxe6 fxe6 32. Rd2 Rxg3 33.
Re2 Rg4 34. Kc2 Kf7 35. Kd2 e5 36. d5 Ke7 37. Nc2 Kd6 38. Ne3 Rg7 39. Nf5+ 1-0

[Event "GBR-ch71"]
[Site "Brighton"]
[Date "1984.07.31"]
[Round "2"]
[White "Buchanan, Walter F"]
[Black "Ravisekhar, Raja"]
[Result "0-1"]
[WhiteElo "2160"]
[BlackElo "2430"]
[PlyCount "96"]
[EventDate "1984.07.30"]
[EventType "swiss"]
[EventRounds "11"]
[EventCountry "GBR"]
[SourceTitle "BritBase"]
[Source "John Saunders"]
[SourceDate "2020.09.07"]
[SourceVersion "1"]
[SourceVersionDate "2020.09.07"]
[SourceQuality "2"]

1. e4 c5 2. Nf3 d6 3. d4 cxd4 4. Nxd4 Nf6 5. Nc3 g6 6. Be2 Bg7 7. Be3 Nc6 8.
O-O O-O 9. Nb3 Be6 10. f4 Qc8 11. Qd2 Rd8 12. Bf3 Bg4 13. h3 Bxf3 14. Rxf3 Qe6
15. Nd4 Nxe4 16. Qd3 Nxd4 17. Bxd4 Bxd4+ 18. Qxd4 d5 19. Re1 f5 20. Rd3 Qf7 21.
Qe5 e6 22. Nb5 Rac8 23. Nd4 Re8 24. Ra3 a6 25. Rb3 Qc7 26. Qxc7 Rxc7 27. Rb6 e5
28. fxe5 Rxe5 29. Rd1 Kf7 30. c3 Ree7 31. Nc2 Nf6 32. Nb4 Re6 33. Rxe6 Kxe6 34.
Kf2 Rc4 35. Nd3 g5 36. Kf3 b6 37. Nb4 a5 38. Nc2 Rf4+ 39. Ke3 Re4+ 40. Kd3 Nh5
41. Nd4+ Kf6 42. Rf1 f4 43. a4 Ng3 44. Ra1 Nf5 45. Nxf5 Kxf5 46. Ra3 Re3+ 47.
Kd4 Re2 48. Rb3 Rd2# 0-1

[Event "GBR-ch71"]
[Site "Brighton"]
[Date "1984.07.31"]
[Round "2"]
[White "Carr, Neil L"]
[Black "Hjorth, Greg"]
[Result "0-1"]
[WhiteElo "2310"]
[BlackElo "2440"]
[PlyCount "64"]
[EventDate "1984.07.30"]
[EventType "swiss"]
[EventRounds "11"]
[EventCountry "GBR"]
[SourceTitle "BritBase"]
[Source "John Saunders"]
[SourceDate "2020.09.07"]
[SourceVersion "1"]
[SourceVersionDate "2020.09.07"]
[SourceQuality "2"]

1. e4 e6 2. d4 d5 3. Nd2 Nf6 4. e5 Nfd7 5. Bd3 c5 6. c3 Nc6 7. Ne2 cxd4 8. cxd4
f6 9. exf6 Nxf6 10. Nf3 Bd6 11. O-O Qc7 12. Nc3 a6 13. Bg5 O-O 14. Rc1 Bd7 15.
Re1 Ng4 16. g3 h6 17. Be3 Qd8 18. Nh4 Nxe3 19. fxe3 Qg5 20. Kg2 Rf6 21. Bb1
Raf8 22. Qc2 Rf2+ 23. Qxf2 Rxf2+ 24. Kxf2 e5 25. Rcd1 Bg4 26. Ne2 e4 27. a3 Qh5
28. Rd2 g5 29. h3 gxh4 30. Rg1 hxg3+ 31. Nxg3 Qxh3 32. Bxe4 dxe4 0-1

[Event "GBR-ch71"]
[Site "Brighton"]
[Date "1984.07.31"]
[Round "2"]
[White "Chandler, Murray G"]
[Black "Arkell, Keith C"]
[Result "0-1"]
[WhiteElo "2540"]
[BlackElo "2345"]
[PlyCount "80"]
[EventDate "1984.07.30"]
[EventType "swiss"]
[EventRounds "11"]
[EventCountry "GBR"]
[SourceTitle "BritBase"]
[Source "John Saunders"]
[SourceDate "2020.09.07"]
[SourceVersion "1"]
[SourceVersionDate "2020.09.07"]
[SourceQuality "2"]

1. e4 c6 2. d4 d5 3. Nd2 dxe4 4. Nxe4 Bf5 5. Ng3 Bg6 6. h4 h6 7. Nf3 Nd7 8. h5
Bh7 9. Bd3 Bxd3 10. Qxd3 Ngf6 11. Bf4 Qa5+ 12. Bd2 Qc7 13. O-O-O e6 14. Ne4
O-O-O 15. g3 Nxe4 16. Qxe4 Nf6 17. Qe2 Bd6 18. c4 c5 19. Bc3 cxd4 20. Nxd4 a6
21. Kb1 Rd7 22. Nb3 Qc6 23. Rh4 Rhd8 24. Rc1 Qg2 25. Qe3 Bc7 26. Nd4 e5 27. Nf5
Rd1 28. Rxd1 Rxd1+ 29. Kc2 Qf1 30. Kb3 Rd3 31. Qc5 Qd1+ 32. Ka3 Rxc3+ 33. bxc3
Qc1+ 34. Kb3 Qb1+ 35. Ka3 Qxf5 36. Qf8+ Bd8 37. Qxf7 Qc2 38. c5 Qxc3+ 39. Qb3
Qc1+ 40. Ka4 Qxc5 0-1

[Event "GBR-ch71"]
[Site "Brighton"]
[Date "1984.07.31"]
[Round "2"]
[White "Davies, Nigel Rodney"]
[Black "Flear, Glenn C"]
[Result "0-1"]
[WhiteElo "2340"]
[BlackElo "2455"]
[PlyCount "70"]
[EventDate "1984.07.30"]
[EventType "swiss"]
[EventRounds "11"]
[EventCountry "GBR"]
[SourceTitle "BritBase"]
[Source "John Saunders"]
[SourceDate "2020.09.07"]
[SourceVersion "1"]
[SourceVersionDate "2020.09.07"]
[SourceQuality "2"]

1. d4 d5 2. c4 Nc6 3. Nf3 Bg4 4. Qa4 Bxf3 5. exf3 e6 6. Nc3 Nge7 7. cxd5 exd5
8. Be3 g6 9. Bd3 Bg7 10. O-O O-O 11. Ne2 a6 12. Rac1 Qd7 13. Rc5 Rfd8 14. Rfc1
Rac8 15. Qb3 Rb8 16. Bg5 Bxd4 17. Nxd4 Nxd4 18. Qc3 Ne6 19. Qf6 Nxg5 20. Rxc7
Rbc8 21. Rxc8 Nxf3+ 22. gxf3 Rxc8 23. Rxc8+ Nxc8 24. h4 Qd6 25. Qg5 h5 26. f4
Ne7 27. f5 Kg7 28. fxg6 fxg6 29. Kg2 Qf6 30. b4 Nf5 31. Qxf6+ Kxf6 32. Kh3 Ke5
33. b5 axb5 34. Bxb5 Kf4 35. Be8 Ne7 0-1

[Event "GBR-ch71"]
[Site "Brighton"]
[Date "1984.07.31"]
[Round "2"]
[White "Dawson, Craig R"]
[Black "Garwell, Jane"]
[Result "1/2-1/2"]
[WhiteElo "2300"]
[BlackElo "2100"]
[PlyCount "40"]
[EventDate "1984.07.30"]
[EventType "swiss"]
[EventRounds "11"]
[EventCountry "GBR"]
[SourceTitle "BritBase"]
[Source "John Saunders"]
[SourceDate "2020.09.07"]
[SourceVersion "1"]
[SourceVersionDate "2020.09.07"]
[SourceQuality "2"]

1. c4 e5 2. Nc3 d6 3. g3 Be6 4. Bg2 c6 5. d3 Nf6 6. Nf3 Nbd7 7. O-O Be7 8. h3
h6 9. Rb1 d5 10. cxd5 cxd5 11. d4 e4 12. Ne5 O-O 13. f4 exf3 14. exf3 Bb4 15.
g4 Nxe5 16. dxe5 Qb6+ 17. Kh1 Bxc3 18. Bf4 Bd4 19. exf6 Bxf6 20. b3 Rac8
1/2-1/2

[Event "GBR-ch71"]
[Site "Brighton"]
[Date "1984.07.31"]
[Round "2"]
[White "Dunnington, Angus J"]
[Black "Fuller, Keith"]
[Result "1/2-1/2"]
[WhiteElo "2325"]
[BlackElo "2175"]
[PlyCount "69"]
[EventDate "1984.07.30"]
[EventType "swiss"]
[EventRounds "11"]
[EventCountry "GBR"]
[SourceTitle "BritBase"]
[Source "John Saunders"]
[SourceDate "2020.09.07"]
[SourceVersion "1"]
[SourceVersionDate "2020.09.07"]
[SourceQuality "2"]

1. d4 Nf6 2. Nf3 e6 3. e3 c5 4. Bd3 Nc6 5. O-O d5 6. b3 Be7 7. Nbd2 O-O 8. a3
b6 9. Bb2 Bb7 10. Qe2 Rc8 11. Rad1 Qc7 12. Ne5 Nd7 13. Nxc6 Bxc6 14. e4 cxd4
15. exd5 Bxd5 16. Bxd4 Nc5 17. Bc4 Rfd8 18. Bb2 Qb7 19. Qg4 Bf8 20. Bxd5 Rxd5
21. Nc4 Rcd8 22. Ne3 Rxd1 23. Rxd1 Rxd1+ 24. Qxd1 Qe4 25. Qd4 f6 26. a4 Qxd4
27. Bxd4 e5 28. Bb2 Kf7 29. Kf1 Ke6 30. Ke2 f5 31. Nc4 e4 32. Ne5 g6 33. Nc6 a6
34. Nd4+ Kd7 35. Kd2 1/2-1/2

[Event "GBR-ch71"]
[Site "Brighton"]
[Date "1984.07.31"]
[Round "2"]
[White "Hartston, William Roland"]
[Black "Giulian, Philip Maurice"]
[Result "1-0"]
[WhiteElo "2440"]
[BlackElo "2230"]
[PlyCount "79"]
[EventDate "1984.07.30"]
[EventType "swiss"]
[EventRounds "11"]
[EventCountry "GBR"]
[SourceTitle "BritBase"]
[Source "John Saunders"]
[SourceDate "2020.09.07"]
[SourceVersion "1"]
[SourceVersionDate "2020.09.07"]
[SourceQuality "2"]

1. d4 d5 2. Nf3 Nc6 3. Bf4 Bg4 4. e3 e6 5. c4 Nf6 6. Nc3 Bb4 7. h3 Bh5 8. g4
Bg6 9. Ne5 Nxe5 10. Bxe5 O-O 11. h4 Ne4 12. Qb3 Bxc3+ 13. bxc3 dxc4 14. Bxc4
Nd6 15. Be2 Be4 16. f3 Bc6 17. c4 b6 18. h5 f6 19. Bg3 Kh8 20. h6 g6 21. d5
exd5 22. cxd5 Bb7 23. e4 Qe7 24. Rc1 Rf7 25. Kf2 Rd8 26. Bd3 a5 27. Rc2 Rd7 28.
Re1 Qf8 29. Rh1 Kg8 30. Rc3 Rd8 31. Qc2 Rdd7 32. Kg2 Qe7 33. Re1 Qf8 34. e5
fxe5 35. Bxg6 Bxd5 36. Bxf7+ Rxf7 37. Qd1 Bxa2 38. Rxe5 Qxh6 39. Qe2 Qf6 40.
Qxa2 1-0

[Event "GBR-ch71"]
[Site "Brighton"]
[Date "1984.07.31"]
[Round "2"]
[White "Hasan, Younus"]
[Black "Shaw, Robert"]
[Result "1-0"]
[WhiteElo "2290"]
[BlackElo "2050"]
[PlyCount "59"]
[EventDate "1984.07.30"]
[EventType "swiss"]
[EventRounds "11"]
[EventCountry "GBR"]
[SourceTitle "BritBase"]
[Source "John Saunders"]
[SourceDate "2020.09.07"]
[SourceVersion "1"]
[SourceVersionDate "2020.09.07"]
[SourceQuality "2"]

1. e4 e6 2. d4 d5 3. e5 c5 4. c3 Nc6 5. Nf3 Qb6 6. Bd3 cxd4 7. cxd4 Bd7 8. Kf1
Nxd4 9. Nxd4 Qxd4 10. Qe2 Qb6 11. Nd2 Ne7 12. Nf3 Nc6 13. a3 Nd4 14. Nxd4 Qxd4
15. h4 Rc8 16. Rb1 a6 17. h5 Ba4 18. h6 gxh6 19. Kg1 Bg7 20. Rh5 Bb3 21. Be3
Qa4 22. Bxh6 Bxh6 23. Rxh6 Qf4 24. Qh5 Rc1+ 25. Rxc1 Qxc1+ 26. Kh2 Qxb2 27.
Rxe6+ Kd8 28. Qxf7 Qxa3 29. Qf6+ Kd7 30. Rd6+ 1-0

[Event "GBR-ch71"]
[Site "Brighton"]
[Date "1984.07.31"]
[Round "2"]
[White "Hawkes, Robert"]
[Black "James, Stephen C"]
[Result "1/2-1/2"]
[WhiteElo "2365"]
[BlackElo "2140"]
[PlyCount "122"]
[EventDate "1984.07.30"]
[EventType "swiss"]
[EventRounds "11"]
[EventCountry "GBR"]
[SourceTitle "BritBase"]
[Source "John Saunders"]
[SourceDate "2020.09.07"]
[SourceVersion "1"]
[SourceVersionDate "2020.09.07"]
[SourceQuality "2"]

1. e4 c6 2. d3 d5 3. Nd2 e5 4. Ngf3 Bd6 5. d4 exd4 6. exd5 Nf6 7. dxc6 Nxc6 8.
Be2 O-O 9. O-O Re8 10. Nb3 Bg4 11. h3 Qe7 12. hxg4 Qxe2 13. Qxe2 Rxe2 14. g5
Ng4 15. Nbxd4 Nxd4 16. Nxd4 Re4 17. c3 Bh2+ 18. Kh1 Be5 19. f3 Ne3 20. Re1 Bxd4
21. Bxe3 Rxe3 22. cxd4 Rxe1+ 23. Rxe1 Kf8 24. Rc1 Rd8 25. Rc7 Rxd4 26. Rxb7 Rd2
27. Kh2 a5 28. Kh3 a4 29. a3 Ke8 30. g3 Rd3 31. Kg4 Rd4+ 32. f4 Rd2 33. f5 Rf2
34. Rb4 Ke7 35. Rxa4 Rxb2 36. Ra7+ Ke8 37. Ra8+ Ke7 38. Rh8 Rh2 39. Rg8 h5+ 40.
Kf3 Ra2 41. Ra8 Rc2 42. Ra7+ Ke8 43. a4 Rc5 44. Ke4 g6 45. a5 Rxf5 46. a6 Ra5
47. Ra8+ Kd7 48. a7 Ke7 49. Kd4 Ra1 50. Kc5 Rc1+ 51. Kb4 Rb1+ 52. Ka3 Ra1+ 53.
Kb2 Ra6 54. Kb3 Ra1 55. Kc2 Ra2+ 56. Kd3 Ra3+ 57. Ke2 Ra2+ 58. Kf3 Ra3+ 59. Kg2
Ra2+ 60. Kh3 Ra3 61. Kh4 Ra4+ 1/2-1/2

[Event "GBR-ch71"]
[Site "Brighton"]
[Date "1984.07.31"]
[Round "2"]
[White "Hodgson, Julian M"]
[Black "Ravikumar, Vaidyanathan"]
[Result "1-0"]
[WhiteElo "2450"]
[BlackElo "2385"]
[PlyCount "103"]
[EventDate "1984.07.30"]
[EventType "swiss"]
[EventRounds "11"]
[EventCountry "GBR"]
[SourceTitle "BritBase"]
[Source "John Saunders"]
[SourceDate "2020.09.07"]
[SourceVersion "1"]
[SourceVersionDate "2020.09.07"]
[SourceQuality "2"]

1. e4 c5 2. f4 Nc6 3. Nf3 d6 4. Nc3 e6 5. g3 Nf6 6. Bg2 Be7 7. O-O O-O 8. d3 a6
9. a4 Qc7 10. h3 Rb8 11. g4 b5 12. axb5 axb5 13. g5 Nd7 14. h4 b4 15. Ne2 Nb6
16. h5 Bd7 17. Bh3 d5 18. f5 exf5 19. exf5 Bd6 20. Nh4 Rbe8 21. Bg2 c4 22. d4
Rxe2 23. Qxe2 Nxd4 24. Qf2 Re8 25. Be3 Rxe3 26. Qxe3 Nxc2 27. Qf3 Bc5+ 28. Kh1
Nxa1 29. f6 Nc2 30. g6 Be6 31. fxg7 Nd4 32. Qf6 Qe7 33. Qf4 Kxg7 34. h6+ Kg8
35. gxf7+ Bxf7 36. Qg3+ Kf8 37. Ng6+ hxg6 38. Qb8+ Qe8 39. Qxe8+ Kxe8 40. h7
Nf5 41. h8=Q+ Kd7 42. Bh3 Be6 43. Qh7+ Ne7 44. Bxe6+ Kxe6 45. Qf7+ Kd7 46. Rf6
Nbc8 47. Qe6+ Kc7 48. Rf7 Bd6 49. Qxd5 c3 50. bxc3 bxc3 51. Qc4+ Kd7 52. Qxc3
1-0

[Event "GBR-ch71"]
[Site "Brighton"]
[Date "1984.07.31"]
[Round "2"]
[White "Howell, James C"]
[Black "Levene, Mark"]
[Result "1-0"]
[WhiteElo "2340"]
[BlackElo "2205"]
[PlyCount "63"]
[EventDate "1984.07.30"]
[EventType "swiss"]
[EventRounds "11"]
[EventCountry "GBR"]
[SourceTitle "BritBase"]
[Source "John Saunders"]
[SourceDate "2020.09.07"]
[SourceVersion "1"]
[SourceVersionDate "2020.09.07"]
[SourceQuality "2"]

1. e4 c5 2. c3 d5 3. exd5 Qxd5 4. d4 e6 5. Nf3 Nf6 6. Bd3 cxd4 7. cxd4 Be7 8.
Nc3 Qd8 9. O-O O-O 10. a3 Nbd7 11. Bc2 Nb6 12. Qd3 Bd7 13. Ne5 Bc6 14. Re1 Nbd5
15. Bg5 g6 16. Bh6 Re8 17. Qg3 Bf8 18. Bg5 Be7 19. Qf3 Rf8 20. Bh6 Re8 21. Ne4
Rc8 22. Bb3 Nc7 23. Rad1 Bxe4 24. Rxe4 a6 25. Rf4 Ncd5 26. Bxd5 exd5 27. Re1
Qb6 28. h4 Bd8 29. g4 Rc6 30. g5 Qxb2 31. gxf6 Rc3 32. Qxd5 1-0

[Event "GBR-ch71"]
[Site "Brighton"]
[Date "1984.07.31"]
[Round "2"]
[White "Jackson, Sheila"]
[Black "King, Daniel J"]
[Result "1/2-1/2"]
[WhiteElo "2190"]
[BlackElo "2435"]
[PlyCount "121"]
[EventDate "1984.07.30"]
[EventType "swiss"]
[EventRounds "11"]
[EventCountry "GBR"]
[SourceTitle "BritBase"]
[Source "John Saunders"]
[SourceDate "2020.09.07"]
[SourceVersion "1"]
[SourceVersionDate "2020.09.07"]
[SourceQuality "2"]

1. e4 c5 2. c3 d5 3. exd5 Qxd5 4. d4 e6 5. Nf3 Nf6 6. Be2 Be7 7. O-O O-O 8. c4
Qd8 9. Nc3 a6 10. Bf4 cxd4 11. Nxd4 Bd7 12. Bf3 Qb6 13. Nb3 Bc6 14. Rc1 Nbd7
15. Re1 Rfe8 16. Bxc6 Qxc6 17. Nd4 Qxc4 18. Ncb5 Qxa2 19. Nc7 Nd5 20. Nxe8 Rxe8
21. Bg3 g6 22. Qb3 Qxb3 23. Nxb3 Bf6 24. Re2 Ra8 25. Bd6 b6 26. Rec2 Kg7 27.
Nd2 Bd4 28. Nf3 Bc5 29. Bxc5 Nxc5 30. Ne5 Kf6 31. Nc4 Nd3 32. Rd1 N3b4 33. Re2
Rc8 34. Ne3 a5 35. g3 g5 36. Rd4 Rc1+ 37. Rd1 Rc5 38. Rd4 b5 39. h4 Nxe3 40.
fxe3 h6 41. Rd7 Kg6 42. h5+ Kxh5 43. Rxf7 Kg4 44. Kg2 e5 45. Rd2 Nd5 46. Kf2 a4
47. e4 Nb4 48. Rfd7 h5 49. R7d6 Rc4 50. Rb6 Rxe4 51. Rxb5 Rc4 52. Rxe5 Nc6 53.
Red5 Rc1 54. Re2 Rc4 55. Kg2 Nb4 56. Rde5 Nd3 57. R5e4+ Rxe4 58. Rxe4+ Kf5 59.
Rxa4 Nxb2 60. Ra5+ Kf6 61. Ra6+ 1/2-1/2

[Event "GBR-ch71"]
[Site "Brighton"]
[Date "1984.07.31"]
[Round "2"]
[White "Johansen, Darryl Keith"]
[Black "Morrison, Graham"]
[Result "0-1"]
[WhiteElo "2440"]
[BlackElo "2335"]
[PlyCount "58"]
[EventDate "1984.07.30"]
[EventType "swiss"]
[EventRounds "11"]
[EventCountry "GBR"]
[SourceTitle "BritBase"]
[Source "John Saunders"]
[SourceDate "2020.09.07"]
[SourceVersion "1"]
[SourceVersionDate "2020.09.07"]
[SourceQuality "2"]

1. d4 Nf6 2. Nf3 g6 3. c4 Bg7 4. Nc3 d5 5. Bg5 dxc4 6. e3 Be6 7. Ne5 Nd5 8.
Nxc4 c5 9. Ne4 cxd4 10. exd4 O-O 11. Nc5 Bc8 12. Be2 Nc6 13. Nb3 h6 14. Be3
Nxe3 15. fxe3 e5 16. d5 Nb4 17. d6 Be6 18. O-O Rc8 19. Nba5 b6 20. d7 Rc7 21.
Qa4 bxa5 22. Nxa5 Nc2 23. Rad1 Bxd7 24. Qb3 Qb8 25. Rc1 Qxb3 26. axb3 Bf5 27.
Rfd1 Rcc8 28. Ba6 Rcd8 29. Kf2 Nb4 0-1

[Event "GBR-ch71"]
[Site "Brighton"]
[Date "1984.07.31"]
[Round "2"]
[White "Lane, Gary William"]
[Black "Mestel, A Jonathan"]
[Result "1-0"]
[WhiteElo "2310"]
[BlackElo "2545"]
[PlyCount "143"]
[EventDate "1984.07.30"]
[EventType "swiss"]
[EventRounds "11"]
[EventCountry "GBR"]
[SourceTitle "BritBase"]
[Source "John Saunders"]
[SourceDate "2020.09.07"]
[SourceVersion "1"]
[SourceVersionDate "2020.09.07"]
[SourceQuality "2"]

1. e4 c5 2. c3 d5 3. exd5 Qxd5 4. d4 e6 5. Nf3 Nf6 6. Be2 cxd4 7. cxd4 Nc6 8.
Nc3 Qd6 9. O-O Be7 10. Bg5 O-O 11. Rc1 a6 12. Qd2 Rd8 13. Rfd1 Bd7 14. Bf4 Qb4
15. a3 Qb3 16. Bd3 Rac8 17. Bc2 Qb6 18. b4 Be8 19. Qd3 g6 20. Bb3 Na7 21. d5
exd5 22. Be3 d4 23. Bxd4 Qd6 24. Qe3 Nc6 25. Bb6 Qb8 26. Bxd8 Bxd8 27. Nd5 Kg7
28. Qc3 Bd7 29. Nb6 Bxb6 30. Rxd7 Ne7 31. Rxe7 Rxc3 32. Rxc3 Ng4 33. Rxf7+ Kh6
34. Kf1 Qh8 35. Rc4 Qb2 36. Bc2 Qa2 37. Rxg4 Qxf7 38. Rh4+ Kg7 39. Rxh7+ Kxh7
40. Ng5+ Kg7 41. Nxf7 Kxf7 42. Be4 a5 43. Bxb7 axb4 44. axb4 Kf6 45. Ke2 g5 46.
Kf3 Bd4 47. h3 Ba7 48. Kg3 Bb6 49. b5 Kg6 50. Bc6 Kf6 51. f3 Kf5 52. Be4+ Ke5
53. Kg4 Bd8 54. b6 Bxb6 55. Kxg5 Bd8+ 56. Kg4 Ba5 57. Bc2 Bd2 58. g3 Be1 59.
f4+ Kf6 60. Kf3 Kg7 61. Ba4 Kg6 62. g4 Bh4 63. Be8+ Kf6 64. Ke4 Ke7 65. Bg6 Kf6
66. Bf5 Be1 67. g5+ Kg7 68. Kf3 Bc3 69. Kg4 Bb2 70. h4 Bc3 71. Bd3 Bb2 72. h5
1-0

[Event "GBR-ch71"]
[Site "Brighton"]
[Date "1984.07.31"]
[Round "2"]
[White "Lawton, Geoffrey W"]
[Black "O'Hara, Michael J"]
[Result "1/2-1/2"]
[WhiteElo "2385"]
[BlackElo "2215"]
[PlyCount "75"]
[EventDate "1984.07.30"]
[EventType "swiss"]
[EventRounds "11"]
[EventCountry "GBR"]
[SourceTitle "BritBase"]
[Source "John Saunders"]
[SourceDate "2020.09.07"]
[SourceVersion "1"]
[SourceVersionDate "2020.09.07"]
[SourceQuality "2"]

1. e4 e5 2. Nf3 Nc6 3. Bb5 a6 4. Ba4 Nf6 5. O-O b5 6. Bb3 Be7 7. Re1 d6 8. c3
O-O 9. h3 Na5 10. Bc2 c5 11. d4 Qc7 12. Nbd2 cxd4 13. cxd4 Nc6 14. Nb3 a5 15.
Be3 a4 16. Nbd2 Be6 17. d5 Nb4 18. Bb1 Bd7 19. a3 Na6 20. Bc2 Rfc8 21. Rc1 Qb7
22. Qe2 b4 23. Bd3 Rxc1 24. Rxc1 Bd8 25. Nc4 Ne8 26. Nfd2 Rc8 27. f4 exf4 28.
Bxf4 Nc5 29. Bb1 bxa3 30. bxa3 Nb3 31. Rf1 Bb5 32. Bd3 Qa6 33. Nxb3 axb3 34.
Rc1 Bf6 35. Kh2 Bxc4 36. Rxc4 Rxc4 37. Bxc4 Qxa3 38. Qd3 1/2-1/2